Index of industrial production, 2009-2010 (Record no. 507122)

000 -LEADER
fixed length control field 00346nam a22000977a 4500
082 ## - DEWEY DECIMAL CLASSIFICATION NUMBER
Classification number T13x5451 I
100 ## - MAIN ENTRY--PERSONAL NAME
Personal name Andhra Pradesh. Directorate of Economics and Statistics
9 (RLIN) 746
245 ## - TITLE STATEMENT
Title Index of industrial production, 2009-2010
Statement of responsibility, etc by Directorate of Economics and Statistics
260 ## - PUBLICATION, DISTRIBUTION, ETC. (IMPRINT)
Place of publication, distribution, etc Hyderabad
Name of publisher, distributor, etc Government of Andhra Pradesh
Date of publication, distribution, etc 2011
300 ## - PHYSICAL DESCRIPTION
Extent 55p.
Holdings
Withdrawn status Lost status Source of classification or shelving scheme Damaged status Koha normalized classification for sorting Not for loan Permanent location Current location Date acquired Full call number Barcode Date last seen Price effective from Koha item type
        T_13X5451_I   Indian Institute of Public Administration Indian Institute of Public Administration 2019-01-16 T13x5451 I GG34469 2019-01-16 2019-01-16 GG

Powered by Koha